| 000 | 00759cam a2200217 4500 | ||
|---|---|---|---|
| 001 | 13787 | ||
| 005 | 20230410123658.0 | ||
| 008 | 060907s1998 dr spa | ||
| 035 | _9funglode13906 | ||
| 041 | _aspa | ||
| 050 | 1 | 4 |
_aKZA 1146 _bE77e 1998 |
| 100 | 1 |
_aEspinal Benzant, Lludelis, _d1967- |
|
| 245 | 1 | 4 |
_aLos espacios marítimos dominicanos : _bsituación jurídica del mar Caribe / _cLludelis Espinal Benzant |
| 260 |
_aSanto Domingo : _bF. Schad, C. por A., _c1998 |
||
| 300 |
_a162 p. : _bmaps ; _c21 cm. |
||
| 650 | 0 |
_aLaw of the sea _zDominican Republic. |
|
| 650 | 0 |
_aTerritorial waters _zDominican Republic. |
|
| 650 | 4 |
_aDerecho marítimo _zRepública Dominicana |
|
| 650 | 4 |
_aAguas territoriales _zRepública Dominicana |
|
| 942 |
_2lcc _cbk |
||
| 999 |
_c66144 _d66144 |
||